Space and aircraft

Bibliographic Details
Main Author: Hawkes, Nigel
Format: Book
Published: London : Gloucester Press , 1994
Series:New technology
Subjects:

MARC

LEADER 00000cam a2200000 7i4500
001 0000007561
002 000008123
005 20000330.0
020 |a 0749616962 
090 0 0 |a J 600   |b HAW 
100 1 |a Hawkes, Nigel 
245 1 0 |a Space and aircraft   |c Nigel Hawkes 
260 |a London :   |b Gloucester Press ,   |c 1994 
300 |a 32p. ;   |c 28cm. 
490 0 |a New technology 
650 0 0 |a Juvenile literature 
999 |a 052540   |b BUKU   |c PINJAMAN   |e PERPUSTAKAAN KOMUNITI PETALING JAYA